Statistics for 何区にある駅? - 東京23区編

Click here to take the quiz!

General Stats

  • This quiz has been taken 66 times
  • The average score is 77 of 180

Answer Stats

HintAnswer% Correct
京成上野台東区
75%
西新宿五丁目新宿区
75%
渋谷渋谷区
73%
舞浜23区外
73%
三鷹台23区外
69%
上野台東区
67%
上板橋板橋区
67%
新板橋板橋区
67%
練馬練馬区
67%
浦安23区外
67%
中目黒目黒区
65%
狛江23区外
65%
新宿新宿区
64%
高田馬場新宿区
64%
荒川車庫前荒川区
64%
北千住足立区
64%
武蔵小杉23区外
64%
中野富士見町中野区
62%
秋葉原千代田区
62%
押上墨田区
62%
御徒町台東区
62%
保谷23区外
62%
国府台23区外
62%
品川港区
60%
東北沢世田谷区
60%
北品川品川区
60%
早稲田(東京地下鉄)新宿区
60%
目白豊島区
60%
鶯谷台東区
60%
三軒茶屋世田谷区
58%
永田町千代田区
58%
大森大田区
58%
神泉渋谷区
58%
船堀江戸川区
56%
葛西臨海公園江戸川区
56%
西高島平板橋区
56%
二子玉川世田谷区
56%
豊洲江東区
56%
白金台港区
55%
小竹向原練馬区
55%
神田千代田区
55%
葛西江戸川区
55%
東日本橋中央区
55%
三越前中央区
55%
御茶ノ水(JR東日本)千代田区
55%
上石神井練馬区
53%
綾瀬足立区
53%
信濃町新宿区
53%
神楽坂新宿区
53%
錦糸町墨田区
53%
豊島園練馬区
51%
巣鴨豊島区
51%
東京千代田区
51%
代官山渋谷区
51%
高輪台港区
51%
小岩江戸川区
51%
新橋港区
51%
東高円寺杉並区
51%
亀有葛飾区
51%
六郷土手大田区
51%
桜上水世田谷区
49%
十条北区
49%
成増板橋区
49%
浅草(東武鉄道)台東区
49%
越中島江東区
49%
虎ノ門港区
49%
千川豊島区
49%
落合新宿区
49%
新橋港区
49%
恵比寿渋谷区
49%
雑司が谷豊島区
47%
西ヶ原四丁目北区
47%
京成小岩江戸川区
47%
地下鉄成増板橋区
47%
二子新地23区外
47%
東伏見23区外
47%
水道橋(都営地下鉄)文京区
45%
江古田練馬区
45%
有楽町千代田区
45%
浮間舟渡北区
45%
大山板橋区
45%
代々木渋谷区
45%
三ノ輪橋荒川区
45%
赤坂見附港区
45%
根津文京区
44%
西日暮里荒川区
44%
馬込大田区
44%
久我山杉並区
44%
雪が谷大塚大田区
44%
新井薬師前中野区
44%
富士見台練馬区
42%
目黒品川区
42%
笹塚渋谷区
42%
国立競技場新宿区
42%
日暮里荒川区
42%
下赤塚板橋区
42%
平和台練馬区
42%
芦花公園世田谷区
42%
新丸子23区外
42%
東長崎豊島区
40%
赤土小学校前荒川区
40%
湯島文京区
40%
森下江東区
40%
両国墨田区
40%
西巣鴨豊島区
40%
田端北区
40%
下高井戸世田谷区
40%
馬喰町中央区
40%
永福町杉並区
40%
東武練馬板橋区
40%
四ツ木葛飾区
40%
喜多見世田谷区
40%
蔵前台東区
40%
東京テレポート江東区
38%
南千住荒川区
38%
平井江戸川区
38%
新三河島荒川区
38%
九品仏世田谷区
38%
仙川23区外
38%
矢切23区外
38%
広尾港区
36%
江戸川橋文京区
36%
鷺ノ宮中野区
36%
田園調布大田区
36%
尾久北区
36%
鐘ヶ淵墨田区
36%
本駒込文京区
36%
台場港区
35%
天王洲アイル品川区
35%
大岡山大田区
35%
駒込豊島区
35%
多摩川大田区
33%
護国寺文京区
33%
千駄木文京区
33%
堀切菖蒲園葛飾区
33%
落合南長崎新宿区
33%
方南町杉並区
31%
住吉江東区
31%
初台渋谷区
31%
学習院下豊島区
31%
地下鉄赤塚練馬区
29%
勝どき中央区
29%
八幡山杉並区
29%
新小岩葛飾区
29%
東大島江東区
29%
新江古田中野区
29%
北千束大田区
29%
武蔵関練馬区
29%
奥沢世田谷区
29%
月島中央区
29%
浜町中央区
29%
下井草杉並区
27%
亀戸江東区
27%
池尻大橋世田谷区
27%
駒込豊島区
27%
駒場東大前目黒区
25%
長原大田区
25%
池ノ上世田谷区
24%
東京国際クルーズターミナル江東区
24%
新大塚文京区
24%
梶原北区
22%
流通センター大田区
22%
大森海岸品川区
22%
浅草橋台東区
22%
代田橋世田谷区
22%
内幸町千代田区
20%
自由が丘目黒区
20%
表参道港区
18%
千駄ヶ谷渋谷区
18%
堀切足立区
18%
菊川墨田区
18%
西小山品川区
18%
不動前品川区
16%
八広墨田区
16%
洗足目黒区
16%
三ノ輪台東区
15%
下板橋豊島区
13%
緑が丘目黒区
11%
旗の台品川区
11%
板橋北区
9%

Score Distribution

Percentile by Number Answered

Percent of People with Each Score

Your Score History

You have not taken this quiz